000 00600 a2200193 4500
010 _aENG-85650
020 _a8189766104
_c1995.00
035 _aEN-69183
037 _bD.B.Act / Pub
082 1 4 _a551.6
090 _c3297
_d3297
100 1 _aKumar, H. D.
245 1 _aGlobal climate change
_cby H. D. Kumar
260 _aNew Delhi
_bVitasta Publishing
_c2007
300 _axv, 487 p. :
_c23.5 cm ( Hb.)
500 _aIncludes bibliograpgical refrences and index
942 _adpl
_cEN
_k551.6 / KUM
999 _c3233
_d3233